000 00488nam a22001817a 4500
005 20251108174805.0
008 250721s2008 xx 000 0 eng d
082 1 4 _aJ/F/PHI
100 1 _aPHILLIPS, TRISH
245 1 4 _aTHE BIG OLD BEAR WHO SWALLOWED A FLY /
264 1 _aLONDON :
_bLITTLE TIGER PRESS,
_c2008.
300 _a7P.
650 1 7 _aFICTION
650 1 7 _aCHILDREN
653 _aأطفال مرحلة متوسطة (6-9) سنوات
942 _2ddc
_cBK
999 _c118093
_d118093